[Event "8th Vellmar Chess Days"]
[Site "chess24.com"]
[Date "2016.07.31"]
[Round "7"]
[White "Luebeck, Stephan, Dr."]
[Black "Bollmann, Henrik"]
[Result "0-1"]
[Board "16"]
[WhiteElo "2009"]
[WhiteCountry "GER"]
[WhiteFideId "12945269"]
[WhiteEloChange "-6"]
[BlackElo "2145"]
[BlackCountry "GER"]
[BlackFideId "24626007"]
[BlackEloChange "6"]

1. d4 {[%clk 1:30:57]} d5 {[%clk 1:30:57]} 2. Nf3 {[%clk 1:30:57]} e6 {[%clk
1:31:12]} 3. g3 {[%clk 1:31:44]} f5 {[%clk 1:31:12]} 4. Bg2 {[%clk 1:32:10]} Nf6
{[%clk 1:31:40]} 5. O-O {[%clk 1:32:34]} Bd6 {[%clk 1:31:59]} 6. c4 {[%clk
1:33:00]} c6 {[%clk 1:32:18]} 7. Nc3 {[%clk 1:33:28]} O-O {[%clk 1:30:22]} 8. Qb3
{[%clk 1:33:19]} Nbd7 {[%clk 1:22:25]} 9. Ng5 {[%clk 1:33:42]} Qe7 {[%clk
1:17:18]} 10. cxd5 {[%clk 1:33:57]} exd5 {[%clk 1:05:45]} 11. e4 {[%clk 1:34:10]}
fxe4 {[%clk 1:04:38]} 12. Ngxe4 {[%clk 1:34:08]} Nxe4 {[%clk 0:57:43]} 13. Nxe4
{[%clk 1:34:22]} Bc7 {[%clk 0:56:52]} 14. Bg5 {[%clk 1:32:26]} Qf7 {[%clk
0:56:26]} 15. Nc3 {[%clk 1:30:49]} Nb6 {[%clk 0:52:24]} 16. Rac1 {[%clk 1:16:45]}
Bf5 {[%clk 0:47:19]} 17. Be3 {[%clk 1:09:34]} Rae8 {[%clk 0:45:19]} 18. Na4
{[%clk 1:04:39]} Nxa4 {[%clk 0:40:50]} 19. Qxa4 {[%clk 1:04:54]} a6 {[%clk
0:37:57]} 20. Qb4 {[%clk 1:03:11]} Bb8 {[%clk 0:38:00]} 21. Qc3 {[%clk 1:03:06]}
Be4 {[%clk 0:35:00]} 22. f3 {[%clk 1:02:04]} Bf5 {[%clk 0:34:25]} 23. Rfe1 {[%clk
0:59:55]} Re6 {[%clk 0:26:28]} 24. Bf2 {[%clk 0:55:08]} Rh6 {[%clk 0:25:16]} 25.
Be3 {[%clk 0:54:07]} Rg6 {[%clk 0:25:09]} 26. Qd2 {[%clk 0:51:30]} Bc8 {[%clk
0:24:31]} 27. Bf2 {[%clk 0:41:57]} h5 {[%clk 0:23:16]} 28. Re2 {[%clk 0:39:01]}
h4 {[%clk 0:21:18]} 29. f4 {[%clk 0:29:10]} h3 {[%clk 0:21:18]} 0-1

[Event "8th Vellmar Chess Days"]
[Site "chess24.com"]
[Date "2016.07.31"]
[Round "7"]
[White "Lesny, Florian"]
[Black "Wiege, Andre"]
[Result "1-0"]
[Board "17"]
[WhiteElo "1853"]
[WhiteCountry "GER"]
[WhiteFideId "12973874"]
[WhiteEloChange "16"]
[BlackElo "2085"]
[BlackCountry "GER"]
[BlackFideId "4699416"]
[BlackEloChange "-16"]

1. e4 {[%clk 1:30:58]} c5 {[%clk 1:30:39]} 2. Nf3 {[%clk 1:31:21]} Nc6 {[%clk
1:30:40]} 3. d4 {[%clk 1:31:44]} cxd4 {[%clk 1:31:00]} 4. Nxd4 {[%clk 1:31:41]}
g6 {[%clk 1:30:54]} 5. Nc3 {[%clk 1:31:19]} Bg7 {[%clk 1:30:47]} 6. Be3 {[%clk
1:31:35]} Nf6 {[%clk 1:30:01]} 7. Bc4 {[%clk 1:31:22]} O-O {[%clk 1:27:26]} 8.
Bb3 {[%clk 1:31:36]} d6 {[%clk 1:25:27]} 9. f3 {[%clk 1:31:24]} Bd7 {[%clk
1:24:13]} 10. Qd2 {[%clk 1:31:27]} Rc8 {[%clk 1:24:13]} 11. O-O-O {[%clk
1:30:18]} Ne5 {[%clk 1:22:48]} 12. Bh6 {[%clk 1:27:46]} Nc4 {[%clk 1:18:47]} 13.
Bxc4 {[%clk 1:27:55]} Rxc4 {[%clk 1:19:07]} 14. Bxg7 {[%clk 1:27:49]} Kxg7 {[%clk
1:19:34]} 15. h4 {[%clk 1:26:44]} h5 {[%clk 1:13:35]} 16. Nde2 {[%clk 1:24:09]}
b5 {[%clk 1:02:28]} 17. Nd5 {[%clk 1:18:40]} Nxd5 {[%clk 0:54:19]} 18. exd5
{[%clk 1:17:46]} Qc7 {[%clk 0:49:26]} 19. Nd4 {[%clk 1:16:39]} Qc5 {[%clk
0:41:54]} 20. Nb3 {[%clk 1:15:37]} Qc7 {[%clk 0:39:42]} 21. Nd4 {[%clk 1:15:37]}
a5 {[%clk 0:31:23]} 22. g4 {[%clk 1:14:34]} Rh8 {[%clk 0:31:22]} 23. Rdg1 {[%clk
1:12:24]} a4 {[%clk 0:29:54]} 24. gxh5 {[%clk 1:07:38]} Rxh5 {[%clk 0:27:57]} 25.
Rg5 {[%clk 1:07:21]} Rh6 {[%clk 0:20:17]} 26. h5 {[%clk 1:04:25]} Qc5 {[%clk
0:16:54]} 27. Rd1 {[%clk 1:03:33]} Rxd4 {[%clk 0:09:18]} 28. Qxd4+ {[%clk
1:03:13]} Qxd4 {[%clk 0:09:46]} 29. Rxd4 {[%clk 1:02:45]} Rxh5 {[%clk 0:10:13]}
30. Rxh5 {[%clk 1:02:24]} gxh5 {[%clk 0:10:35]} 31. c4 {[%clk 1:02:01]} b4 {[%clk
0:09:26]} 32. Kd2 {[%clk 1:00:55]} Bf5 {[%clk 0:07:45]} 33. a3 {[%clk 1:00:16]}
b3 {[%clk 0:06:40]} 34. c5 {[%clk 0:59:14]} dxc5 {[%clk 0:05:49]} 35. Rxa4 {[%clk
0:59:14]} 1-0

[Event "8th Vellmar Chess Days"]
[Site "chess24.com"]
[Date "2016.07.31"]
[Round "7"]
[White "Poelig, Juergen"]
[Black "Ziegenfuss, Holger"]
[Result "1/2-1/2"]
[Board "18"]
[WhiteElo "1874"]
[WhiteCountry "GER"]
[WhiteFideId "24661686"]
[WhiteEloChange "5"]
[BlackElo "2075"]
[BlackCountry "GER"]
[BlackFideId "12926140"]
[BlackEloChange "-5"]

1. Nf3 {[%clk 1:30:30]} c5 {[%clk 1:30:30]} 2. g3 {[%clk 1:30:30]} Nc6 {[%clk
1:30:30]} 3. Bg2 {[%clk 1:30:30]} Nf6 {[%clk 1:30:30]} 4. O-O {[%clk 1:30:30]} e5
{[%clk 1:30:30]} 5. d3 {[%clk 1:30:30]} Be7 {[%clk 1:30:30]} 6. e4 {[%clk
1:30:30]} O-O {[%clk 1:30:30]} 7. Nbd2 {[%clk 1:30:30]} d5 {[%clk 1:30:30]} 8.
Re1 {[%clk 1:30:30]} dxe4 {[%clk 1:30:30]} 9. dxe4 {[%clk 1:30:30]} Qc7 {[%clk
1:30:30]} 10. c3 {[%clk 1:30:30]} b6 {[%clk 1:30:30]} 11. Qc2 {[%clk 1:30:30]}
Bb7 {[%clk 1:30:30]} 12. Nf1 {[%clk 1:30:30]} Nd8 {[%clk 1:30:30]} 13. Nh4 {[%clk
1:30:30]} Ne6 {[%clk 1:30:30]} 14. Nf5 {[%clk 1:30:30]} Rfd8 {[%clk 1:30:30]} 15.
N1e3 {[%clk 1:30:30]} Bf8 {[%clk 1:30:30]} 16. b3 {[%clk 1:30:30]} g6 {[%clk
1:30:30]} 17. Nh4 {[%clk 1:30:30]} b5 {[%clk 1:30:30]} 18. Qe2 {[%clk 1:30:30]}
a6 {[%clk 1:30:30]} 19. Ng4 {[%clk 1:30:30]} 1/2-1/2

[Event "8th Vellmar Chess Days"]
[Site "chess24.com"]
[Date "2016.07.31"]
[Round "7"]
[White "Helbing, Mathias"]
[Black "Gorzinski, Dariusz"]
[Result "1-0"]
[Board "19"]
[WhiteElo "1947"]
[WhiteCountry "GER"]
[WhiteFideId "24608971"]
[WhiteEloChange "13"]
[BlackElo "2047"]
[BlackCountry "GER"]
[BlackFideId "1271836"]
[BlackEloChange "-13"]

1. d4 {[%clk 1:29:37]} d5 {[%clk 1:30:54]} 2. Bf4 {[%clk 1:30:00]} Nf6 {[%clk
1:31:17]} 3. e3 {[%clk 1:30:24]} c5 {[%clk 1:30:54]} 4. Nc3 {[%clk 1:23:57]} Qa5
{[%clk 1:13:10]} 5. Bxb8 {[%clk 1:09:14]} Rxb8 {[%clk 1:11:32]} 6. Bb5+ {[%clk
1:07:38]} Bd7 {[%clk 1:08:37]} 7. Bxd7+ {[%clk 1:06:59]} Nxd7 {[%clk 1:08:52]} 8.
dxc5 {[%clk 1:06:13]} e6 {[%clk 1:09:11]} 9. Nf3 {[%clk 0:56:55]} Bxc5 {[%clk
1:07:44]} 10. O-O {[%clk 0:57:15]} Nf6 {[%clk 1:03:39]} 11. Ne2 {[%clk 0:50:36]}
Qb6 {[%clk 0:56:15]} 12. Rb1 {[%clk 0:48:58]} O-O {[%clk 0:55:34]} 13. Ned4
{[%clk 0:42:57]} Rbc8 {[%clk 0:52:53]} 14. c3 {[%clk 0:42:02]} a6 {[%clk
0:52:11]} 15. h3 {[%clk 0:33:20]} Qc7 {[%clk 0:49:47]} 16. Qe2 {[%clk 0:30:08]}
Ne4 {[%clk 0:45:55]} 17. Rfd1 {[%clk 0:29:07]} Ba7 {[%clk 0:41:46]} 18. g3 {[%clk
0:20:53]} Qa5 {[%clk 0:29:51]} 19. Ra1 {[%clk 0:17:54]} Qc7 {[%clk 0:24:48]} 20.
Qf1 {[%clk 0:17:22]} Qe7 {[%clk 0:23:04]} 21. Qg2 {[%clk 0:15:53]} b5 {[%clk
0:21:10]} 22. a3 {[%clk 0:15:54]} Bb8 {[%clk 0:18:52]} 23. Ne2 {[%clk 0:15:54]}
Bd6 {[%clk 0:14:36]} 24. Nd2 {[%clk 0:14:44]} f5 {[%clk 0:11:35]} 25. Nb3 {[%clk
0:10:54]} Kh8 {[%clk 0:09:49]} 26. Nbd4 {[%clk 0:10:44]} g5 {[%clk 0:08:07]} 27.
f3 {[%clk 0:08:16]} Nf6 {[%clk 0:08:13]} 28. Rf1 {[%clk 0:07:56]} Bc5 {[%clk
0:05:44]} 29. Rae1 {[%clk 0:08:07]} Qd7 {[%clk 0:05:33]} 30. Kh1 {[%clk 0:07:40]}
e5 {[%clk 0:04:02]} 31. Nc2 {[%clk 0:08:09]} Qa7 {[%clk 0:04:23]} 32. Ng1 {[%clk
0:08:03]} d4 {[%clk 0:03:30]} 33. exd4 {[%clk 0:08:02]} exd4 {[%clk 0:03:59]} 34.
Nxd4 {[%clk 0:07:59]} Bxd4 {[%clk 0:04:24]} 35. cxd4 {[%clk 0:08:26]} Qxd4 {[%clk
0:04:33]} 36. Rd1 {[%clk 0:08:29]} Qa4 {[%clk 0:04:29]} 37. Qd2 {[%clk 0:08:44]}
h6 {[%clk 0:02:25]} 38. Qd6 {[%clk 0:07:53]} Qb3 {[%clk 0:01:38]} 39. Qe5 {[%clk
0:06:14]} Qc2 {[%clk 0:01:14]} 40. Qd4 {[%clk 0:04:49]} Rcd8 {[%clk 0:01:05]} 41.
Qxd8 {[%clk 0:01:14]} Rxd8 {[%clk 0:01:32]} 42. Rxd8+ {[%clk 0:01:31]} Kg7 {[%clk
0:01:46]} 43. Rfd1 {[%clk 0:24:13]} Qxb2 {[%clk 0:29:37]} 44. R8d3 {[%clk
0:17:23]} a5 {[%clk 0:17:24]} 45. R1d2 {[%clk 0:16:29]} Qe5 {[%clk 0:16:22]} 46.
Ne2 {[%clk 0:12:17]} b4 {[%clk 0:13:43]} 47. axb4 {[%clk 0:12:39]} axb4 {[%clk
0:14:05]} 48. g4 {[%clk 0:11:05]} fxg4 {[%clk 0:12:30]} 49. hxg4 {[%clk 0:11:09]}
h5 {[%clk 0:11:03]} 50. gxh5 {[%clk 0:10:34]} Kh6 {[%clk 0:09:22]} 51. Kg2 {[%clk
0:10:00]} Kxh5 {[%clk 0:05:59]} 52. Ng3+ {[%clk 0:09:30]} Kg6 {[%clk 0:05:59]}
53. Re2 {[%clk 0:04:19]} Qb5 {[%clk 0:03:06]} 54. Rd6 {[%clk 0:04:23]} Kf7 {[%clk
0:03:21]} 55. Rb2 {[%clk 0:01:51]} Nd5 {[%clk 0:02:00]} 56. Ne4 {[%clk 0:01:40]}
Ne3+ {[%clk 0:02:09]} 57. Kf2 {[%clk 0:01:28]} Nc4 {[%clk 0:01:43]} 58. Rd4
{[%clk 0:01:36]} Nxb2 {[%clk 0:02:02]} 59. Nd6+ {[%clk 0:01:57]} Ke6 {[%clk
0:02:01]} 60. Nxb5 {[%clk 0:02:19]} Ke5 {[%clk 0:02:29]} 61. Rd8 {[%clk 0:02:23]}
1-0

[Event "8th Vellmar Chess Days"]
[Site "chess24.com"]
[Date "2016.07.31"]
[Round "7"]
[White "Buschle, Lukas"]
[Black "Kelm, Daniel"]
[Result "1-0"]
[Board "20"]
[WhiteElo "2042"]
[WhiteCountry "GER"]
[WhiteFideId "12923931"]
[WhiteEloChange "7"]
[BlackElo "1944"]
[BlackCountry "GER"]
[BlackFideId "12917095"]
[BlackEloChange "-7"]

1. d4 {[%clk 1:30:58]} d5 {[%clk 1:29:24]} 2. c4 {[%clk 1:31:23]} e6 {[%clk
1:29:46]} 3. Nc3 {[%clk 1:31:50]} Nf6 {[%clk 1:30:10]} 4. Nf3 {[%clk 1:32:16]}
dxc4 {[%clk 1:30:20]} 5. e4 {[%clk 1:30:49]} a6 {[%clk 1:28:18]} 6. Bxc4 {[%clk
1:30:57]} b5 {[%clk 1:28:38]} 7. Bd3 {[%clk 1:30:30]} Bb7 {[%clk 1:28:48]} 8. Qe2
{[%clk 1:28:42]} Be7 {[%clk 1:28:07]} 9. O-O {[%clk 1:26:09]} O-O {[%clk
1:28:31]} 10. Bg5 {[%clk 1:23:32]} Nbd7 {[%clk 1:27:24]} 11. Rfd1 {[%clk
1:17:58]} Re8 {[%clk 1:25:01]} 12. Rac1 {[%clk 1:15:31]} h6 {[%clk 1:21:24]} 13.
Bh4 {[%clk 1:10:31]} g5 {[%clk 1:16:31]} 14. Bg3 {[%clk 1:08:24]} c5 {[%clk
1:16:37]} 15. dxc5 {[%clk 1:02:19]} Bxc5 {[%clk 1:16:35]} 16. Bb1 {[%clk
1:01:06]} Qb6 {[%clk 1:15:23]} 17. e5 {[%clk 1:00:03]} Nd5 {[%clk 1:14:49]} 18.
Qc2 {[%clk 0:55:00]} Kf8 {[%clk 1:04:17]} 19. Qh7 {[%clk 0:50:41]} Ke7 {[%clk
1:03:38]} 20. Qxh6 {[%clk 0:49:45]} Rg8 {[%clk 0:52:34]} 21. Bh7 {[%clk 0:47:15]}
Nxc3 {[%clk 0:47:38]} 22. Rxc3 {[%clk 0:47:25]} g4 {[%clk 0:43:12]} 23. Bh4+
{[%clk 0:43:21]} Ke8 {[%clk 0:41:17]} 24. Bxg8 {[%clk 0:38:09]} Qc6 {[%clk
0:34:49]} 25. Qg7 {[%clk 0:36:15]} Nxe5 {[%clk 0:33:01]} 26. Qxe5 {[%clk
0:35:41]} 1-0

[Event "8th Vellmar Chess Days"]
[Site "chess24.com"]
[Date "2016.07.31"]
[Round "7"]
[White "Werner, Martin"]
[Black "Koch, Yannick"]
[Result "1/2-1/2"]
[Board "21"]
[WhiteElo "2023"]
[WhiteCountry "GER"]
[WhiteFideId "4607970"]
[WhiteEloChange "-3"]
[BlackElo "1930"]
[BlackCountry "GER"]
[BlackFideId "24661678"]
[BlackEloChange "3"]

1. d4 {[%clk 1:30:52]} e6 {[%clk 1:30:52]} 2. e4 {[%clk 1:30:51]} d5 {[%clk
1:31:14]} 3. Nd2 {[%clk 1:31:17]} Nf6 {[%clk 1:31:36]} 4. e5 {[%clk 1:31:39]}
Nfd7 {[%clk 1:32:03]} 5. Bd3 {[%clk 1:32:00]} c5 {[%clk 1:32:27]} 6. c3 {[%clk
1:32:24]} Nc6 {[%clk 1:32:50]} 7. Ne2 {[%clk 1:32:27]} cxd4 {[%clk 1:33:07]} 8.
cxd4 {[%clk 1:32:51]} f6 {[%clk 1:33:31]} 9. Nf4 {[%clk 1:31:35]} Nxd4 {[%clk
1:33:26]} 10. Qh5+ {[%clk 1:31:43]} Ke7 {[%clk 1:33:35]} 11. Ng6+ {[%clk
1:31:15]} hxg6 {[%clk 1:33:49]} 12. exf6+ {[%clk 1:31:42]} Nxf6 {[%clk 1:33:24]}
13. Qxh8 {[%clk 1:32:05]} Kf7 {[%clk 1:33:39]} 14. O-O {[%clk 1:31:53]} e5 {[%clk
1:33:35]} 15. Nb3 {[%clk 1:31:38]} Nxb3 {[%clk 1:30:19]} 16. axb3 {[%clk
1:32:01]} Bf5 {[%clk 1:28:54]} 17. Bxf5 {[%clk 1:31:01]} gxf5 {[%clk 1:29:21]}
18. Bg5 {[%clk 1:27:06]} Bc5 {[%clk 1:24:03]} 19. Qh3 {[%clk 1:12:14]} Ke6 {[%clk
1:19:03]} 20. Rac1 {[%clk 0:59:20]} 1/2-1/2

[Event "8th Vellmar Chess Days"]
[Site "chess24.com"]
[Date "2016.07.31"]
[Round "7"]
[White "Daechert, Peter"]
[Black "Lutz, Ruben"]
[Result "1/2-1/2"]
[Board "22"]
[WhiteElo "2016"]
[WhiteCountry "GER"]
[WhiteFideId "4686713"]
[WhiteEloChange "-7"]
[BlackElo "1733"]
[BlackCountry "GER"]
[BlackFideId "12975974"]
[BlackEloChange "7"]

1. f4 {[%clk 1:30:58]} d5 {[%clk 1:30:38]} 2. b3 {[%clk 1:31:18]} Nf6 {[%clk
1:29:14]} 3. Nf3 {[%clk 1:31:41]} Bg4 {[%clk 1:27:53]} 4. e3 {[%clk 1:31:37]}
Nbd7 {[%clk 1:27:40]} 5. Bb2 {[%clk 1:31:59]} e6 {[%clk 1:27:54]} 6. Be2 {[%clk
1:31:43]} c6 {[%clk 1:27:21]} 7. Ne5 {[%clk 1:31:36]} Bxe2 {[%clk 1:27:40]} 8.
Qxe2 {[%clk 1:31:58]} Be7 {[%clk 1:27:00]} 9. d3 {[%clk 1:30:04]} O-O {[%clk
1:20:48]} 10. O-O {[%clk 1:30:13]} c5 {[%clk 1:15:46]} 11. Nd2 {[%clk 1:29:05]}
Rc8 {[%clk 1:15:32]} 12. Rf3 {[%clk 1:29:08]} d4 {[%clk 1:06:20]} 13. Nxd7 {[%clk
1:27:54]} Qxd7 {[%clk 1:06:24]} 14. e4 {[%clk 1:28:07]} b5 {[%clk 1:03:27]} 15.
Rh3 {[%clk 1:27:20]} h6 {[%clk 0:54:41]} 16. Rf1 {[%clk 1:24:31]} Qc7 {[%clk
0:48:53]} 17. Bc1 {[%clk 1:23:45]} e5 {[%clk 0:40:44]} 18. fxe5 {[%clk 1:22:55]}
Nd7 {[%clk 0:40:30]} 19. Nf3 {[%clk 1:21:45]} Nxe5 {[%clk 0:40:44]} 20. Nxe5
{[%clk 1:21:49]} Qxe5 {[%clk 0:41:08]} 21. Rf5 {[%clk 1:21:37]} Qe6 {[%clk
0:39:53]} 22. Qf3 {[%clk 1:09:54]} c4 {[%clk 0:34:40]} 23. dxc4 {[%clk 0:59:56]}
bxc4 {[%clk 0:34:59]} 24. b4 {[%clk 1:00:16]} d3 {[%clk 0:30:52]} 25. c3 {[%clk
1:00:16]} Rfd8 {[%clk 0:23:30]} 26. Bd2 {[%clk 0:56:31]} Bg5 {[%clk 0:16:48]} 27.
Bxg5 {[%clk 0:51:59]} hxg5 {[%clk 0:17:12]} 28. Qh5 {[%clk 0:40:47]} f6 {[%clk
0:16:55]} 29. Qh7+ {[%clk 0:41:08]} Kf7 {[%clk 0:17:24]} 30. Ra5 {[%clk 0:33:03]}
a6 {[%clk 0:08:50]} 31. Qh5+ {[%clk 0:33:03]} Ke7 {[%clk 0:08:05]} 32. e5 {[%clk
0:29:24]} d2 {[%clk 0:04:29]} 33. Qd1 {[%clk 0:28:40]} fxe5 {[%clk 0:02:49]} 34.
Kf1 {[%clk 0:25:34]} 1/2-1/2

[Event "8th Vellmar Chess Days"]
[Site "chess24.com"]
[Date "2016.07.31"]
[Round "7"]
[White "Bergauz, Avigdor"]
[Black "Kobs, Stephan"]
[Result "0-1"]
[Board "23"]
[WhiteElo "2153"]
[WhiteCountry "GER"]
[WhiteFideId "12943770"]
[WhiteEloChange "-16"]
[BlackElo "1933"]
[BlackCountry "GER"]
[BlackFideId "4684656"]
[BlackEloChange "16"]

1. c4 {[%clk 1:31:00]} g6 {[%clk 1:30:33]} 2. g3 {[%clk 1:31:08]} Bg7 {[%clk
1:30:48]} 3. Bg2 {[%clk 1:31:36]} d6 {[%clk 1:30:35]} 4. Nc3 {[%clk 1:31:43]} e5
{[%clk 1:29:46]} 5. e3 {[%clk 1:31:42]} Nc6 {[%clk 1:29:33]} 6. Rb1 {[%clk
1:31:55]} a5 {[%clk 1:28:48]} 7. a3 {[%clk 1:32:24]} Bf5 {[%clk 1:26:11]} 8. d3
{[%clk 1:31:40]} Qd7 {[%clk 1:25:34]} 9. Nd5 {[%clk 1:24:44]} Nge7 {[%clk
1:22:10]} 10. Ne2 {[%clk 1:23:47]} O-O {[%clk 1:20:22]} 11. h3 {[%clk 1:21:45]}
Be6 {[%clk 1:18:43]} 12. O-O {[%clk 1:20:36]} Nd8 {[%clk 1:16:34]} 13. Nxe7+
{[%clk 1:15:39]} Qxe7 {[%clk 1:14:54]} 14. b4 {[%clk 1:16:08]} axb4 {[%clk
1:14:23]} 15. axb4 {[%clk 1:16:37]} Qd7 {[%clk 1:13:56]} 16. Kh2 {[%clk 1:16:48]}
d5 {[%clk 1:12:39]} 17. c5 {[%clk 1:13:38]} c6 {[%clk 1:12:12]} 18. Bb2 {[%clk
1:12:53]} f5 {[%clk 1:07:56]} 19. Ra1 {[%clk 1:12:36]} Nf7 {[%clk 1:07:53]} 20.
d4 {[%clk 0:58:12]} e4 {[%clk 1:04:37]} 21. Ng1 {[%clk 0:58:12]} 0-1

[Event "8th Vellmar Chess Days"]
[Site "chess24.com"]
[Date "2016.07.31"]
[Round "7"]
[White "Woelk, Tom-Frederic"]
[Black "Krausse, Eckhard"]
[Result "1-0"]
[Board "24"]
[WhiteElo "1943"]
[WhiteCountry "GER"]
[WhiteFideId "12993077"]
[WhiteEloChange "12"]
[BlackElo "2030"]
[BlackCountry "GER"]
[BlackFideId "4638174"]
[BlackEloChange "-12"]

1. e4 {[%clk 1:30:58]} c5 {[%clk 1:30:44]} 2. Nf3 {[%clk 1:31:23]} d6 {[%clk
1:31:08]} 3. d4 {[%clk 1:31:43]} cxd4 {[%clk 1:31:33]} 4. Nxd4 {[%clk 1:32:09]}
Nf6 {[%clk 1:31:56]} 5. Nc3 {[%clk 1:32:36]} Nc6 {[%clk 1:31:52]} 6. Be3 {[%clk
1:31:29]} g6 {[%clk 1:29:32]} 7. f3 {[%clk 1:31:50]} Bg7 {[%clk 1:29:43]} 8. Qd2
{[%clk 1:32:14]} O-O {[%clk 1:30:01]} 9. Bc4 {[%clk 1:31:18]} Bd7 {[%clk
1:29:12]} 10. g4 {[%clk 1:31:38]} Rc8 {[%clk 1:27:00]} 11. Bb3 {[%clk 1:32:07]}
Ne5 {[%clk 1:21:55]} 12. h4 {[%clk 1:28:00]} Nxf3+ {[%clk 1:06:51]} 13. Nxf3
{[%clk 1:26:53]} Bxg4 {[%clk 1:05:44]} 14. Qg2 {[%clk 1:22:41]} b5 {[%clk
0:57:19]} 15. Nxb5 {[%clk 1:03:27]} Qa5+ {[%clk 0:51:44]} 16. Nc3 {[%clk
1:03:36]} Bd7 {[%clk 0:34:55]} 17. O-O {[%clk 1:01:37]} Ng4 {[%clk 0:32:39]} 18.
Bd2 {[%clk 0:57:39]} Qc5+ {[%clk 0:28:59]} 19. Kh1 {[%clk 0:56:59]} Qh5 {[%clk
0:25:21]} 20. Nd5 {[%clk 0:48:19]} Kh8 {[%clk 0:21:36]} 21. Nf4 {[%clk 0:45:06]}
Qc5 {[%clk 0:21:37]} 22. Ng5 {[%clk 0:44:34]} Bxb2 {[%clk 0:18:44]} 23. Nd3
{[%clk 0:44:34]} 1-0

[Event "8th Vellmar Chess Days"]
[Site "chess24.com"]
[Date "2016.07.31"]
[Round "7"]
[White "Mueller, Mark"]
[Black "Schindelmeiser, Frank"]
[Result "0-1"]
[Board "25"]
[WhiteElo "1932"]
[WhiteCountry "GER"]
[WhiteFideId "12997218"]
[WhiteEloChange "-8"]
[BlackElo "2000"]
[BlackCountry "GER"]
[BlackFideId "12976580"]
[BlackEloChange "8"]

1. e4 {[%clk 1:30:30]} c5 {[%clk 1:30:58]} 2. f4 {[%clk 1:31:20]} g6 {[%clk
1:31:15]} 3. Nf3 {[%clk 1:31:31]} Bg7 {[%clk 1:31:44]} 4. Bb5 {[%clk 1:31:19]} a6
{[%clk 1:31:48]} 5. Be2 {[%clk 1:30:53]} d6 {[%clk 1:31:42]} 6. O-O {[%clk
1:30:10]} Nc6 {[%clk 1:31:23]} 7. Nc3 {[%clk 1:29:16]} e5 {[%clk 1:31:23]} 8. d3
{[%clk 1:26:04]} Nge7 {[%clk 1:31:16]} 9. Qe1 {[%clk 1:23:40]} Nd4 {[%clk
1:29:17]} 10. Nxd4 {[%clk 1:23:08]} cxd4 {[%clk 1:29:22]} 11. Nb1 {[%clk
1:22:47]} O-O {[%clk 1:29:15]} 12. Nd2 {[%clk 1:19:40]} Qc7 {[%clk 1:27:23]} 13.
Nc4 {[%clk 1:12:55]} b5 {[%clk 1:27:10]} 14. Qa5 {[%clk 1:12:55]} Qc6 {[%clk
1:18:53]} 15. Nb6 {[%clk 1:07:29]} Rb8 {[%clk 1:18:29]} 16. Nxc8 {[%clk 1:06:54]}
Rfxc8 {[%clk 1:18:19]} 17. Bg4 {[%clk 1:02:54]} f5 {[%clk 1:16:10]} 18. exf5
{[%clk 1:02:20]} gxf5 {[%clk 1:15:54]} 19. Bf3 {[%clk 1:01:56]} Qxc2 {[%clk
1:05:33]} 20. Qxa6 {[%clk 1:01:59]} Qc5 {[%clk 0:59:35]} 21. Qa5 {[%clk 0:54:50]}
Nd5 {[%clk 0:45:59]} 22. Bxd5+ {[%clk 0:49:36]} Qxd5 {[%clk 0:46:27]} 23. fxe5
{[%clk 0:48:37]} Rc2 {[%clk 0:45:17]} 24. Rf2 {[%clk 0:45:38]} Rxf2 {[%clk
0:45:17]} 25. Kxf2 {[%clk 0:45:58]} dxe5 {[%clk 0:45:25]} 26. Bg5 {[%clk
0:40:45]} e4 {[%clk 0:45:07]} 27. Qe1 {[%clk 0:34:15]} e3+ {[%clk 0:44:36]} 28.
Kf1 {[%clk 0:33:07]} f4 {[%clk 0:36:11]} 29. Bxf4 {[%clk 0:28:23]} Qf5 {[%clk
0:36:36]} 30. g3 {[%clk 0:28:20]} Qxd3+ {[%clk 0:36:16]} 31. Qe2 {[%clk 0:28:16]}
Qf5 {[%clk 0:33:44]} 32. Rd1 {[%clk 0:27:17]} Rc8 {[%clk 0:32:51]} 33. Qd3 {[%clk
0:25:00]} Qc5 {[%clk 0:14:19]} 34. Re1 {[%clk 0:18:42]} Qc6 {[%clk 0:12:38]} 35.
Kg1 {[%clk 0:14:35]} Qc2 {[%clk 0:07:40]} 36. Qxc2 {[%clk 0:13:54]} Rxc2 {[%clk
0:08:09]} 37. Kf1 {[%clk 0:12:48]} Rf2+ {[%clk 0:08:18]} 38. Kg1 {[%clk 0:13:07]}
Rxb2 {[%clk 0:08:40]} 39. Kh1 {[%clk 0:13:03]} Rxa2 {[%clk 0:08:23]} 40. Bxe3
{[%clk 0:13:17]} dxe3 {[%clk 0:08:22]} 41. Rxe3 {[%clk 0:13:36]} b4 {[%clk
0:07:18]} 42. Rb3 {[%clk 0:13:58]} Bc3 {[%clk 0:07:36]} 43. Kg1 {[%clk 0:14:20]}
0-1

[Event "8th Vellmar Chess Days"]
[Site "chess24.com"]
[Date "2016.07.31"]
[Round "7"]
[White "Maar, Samuel"]
[Black "Boerma, Daniel"]
[Result "1/2-1/2"]
[Board "26"]
[WhiteElo "1998"]
[WhiteCountry "GER"]
[WhiteFideId "12952591"]
[WhiteEloChange "-2"]
[BlackElo "1926"]
[BlackCountry "GER"]
[BlackFideId "12965715"]
[BlackEloChange "2"]

1. e4 {[%clk 1:30:58]} e6 {[%clk 1:30:44]} 2. d4 {[%clk 1:31:14]} d5 {[%clk
1:30:59]} 3. Nd2 {[%clk 1:31:38]} dxe4 {[%clk 1:30:50]} 4. Nxe4 {[%clk 1:31:59]}
Nf6 {[%clk 1:31:12]} 5. Bd3 {[%clk 1:30:08]} Be7 {[%clk 1:31:18]} 6. Nf3 {[%clk
1:26:12]} Nbd7 {[%clk 1:30:53]} 7. O-O {[%clk 1:21:25]} O-O {[%clk 1:30:56]} 8.
c3 {[%clk 1:21:37]} b6 {[%clk 1:31:12]} 9. Ng3 {[%clk 1:04:58]} Bb7 {[%clk
1:30:14]} 10. Qe2 {[%clk 1:01:05]} c5 {[%clk 1:26:17]} 11. Re1 {[%clk 0:54:38]}
Re8 {[%clk 1:26:12]} 12. Ng5 {[%clk 0:44:03]} Nf8 {[%clk 1:17:40]} 13. Bb5 {[%clk
0:31:28]} Qd5 {[%clk 1:11:48]} 14. f3 {[%clk 0:31:47]} Bc6 {[%clk 1:09:13]} 15.
Bc4 {[%clk 0:31:58]} Qd7 {[%clk 1:09:23]} 16. dxc5 {[%clk 0:23:12]} Bxc5+ {[%clk
1:09:12]} 17. Be3 {[%clk 0:23:37]} Bxe3+ {[%clk 1:08:16]} 18. Qxe3 {[%clk
0:24:01]} Rad8 {[%clk 1:06:51]} 19. f4 {[%clk 0:22:56]} Qd2 {[%clk 1:05:00]} 20.
Qxd2 {[%clk 0:22:27]} Rxd2 {[%clk 1:04:19]} 21. Re2 {[%clk 0:17:27]} Red8 {[%clk
1:03:49]} 22. f5 {[%clk 0:17:03]} Rxe2 {[%clk 1:03:01]} 23. Nxe2 {[%clk 0:17:28]}
Bd5 {[%clk 0:58:45]} 24. Rd1 {[%clk 0:17:42]} h6 {[%clk 0:55:11]} 25. fxe6 {[%clk
0:17:19]} fxe6 {[%clk 0:55:22]} 26. Nf3 {[%clk 0:16:33]} Ng6 {[%clk 0:49:51]} 27.
Bb3 {[%clk 0:16:30]} Re8 {[%clk 0:49:45]} 28. c4 {[%clk 0:16:23]} Bxf3 {[%clk
0:48:56]} 29. gxf3 {[%clk 0:16:52]} Kf8 {[%clk 0:48:51]} 30. Nd4 {[%clk 0:16:41]}
Nf4 {[%clk 0:47:10]} 31. Nb5 {[%clk 0:15:38]} Re7 {[%clk 0:45:11]} 32. Bc2 {[%clk
0:14:00]} a6 {[%clk 0:38:31]} 33. Rd8+ {[%clk 0:14:17]} Re8 {[%clk 0:37:22]} 34.
Rxe8+ {[%clk 0:13:28]} Nxe8 {[%clk 0:37:33]} 35. Nd4 {[%clk 0:13:48]} Ke7 {[%clk
0:35:10]} 36. b4 {[%clk 0:06:03]} Kd6 {[%clk 0:33:00]} 37. Kf2 {[%clk 0:04:11]}
Nf6 {[%clk 0:30:16]} 38. a4 {[%clk 0:04:06]} a5 {[%clk 0:26:40]} 39. bxa5 {[%clk
0:02:22]} bxa5 {[%clk 0:26:35]} 40. Ke3 {[%clk 0:02:31]} g5 {[%clk 0:26:09]} 41.
Nb3 {[%clk 0:02:24]} e5 {[%clk 0:25:30]} 42. Nxa5 {[%clk 0:01:38]} Kc5 {[%clk
0:25:23]} 43. Bd1 {[%clk 0:24:16]} Ne6 {[%clk 0:52:44]} 44. Nb7+ {[%clk 0:23:03]}
Kc6 {[%clk 0:52:21]} 45. Na5+ {[%clk 0:23:00]} Kc5 {[%clk 0:52:39]} 46. Nb7+
{[%clk 0:20:28]} 1/2-1/2